LEADER 01023nam a2200241 i 4500 001 000000140733 003 CaOOAMICUS 005 20050627000000.0 008 050627s1978 it u000 u ita u 013 $a114934 040 $aSeMil$bita 100 1 $aLaing, Ronald D.$0(OLS)http://semarc/name/33853 245 13$aLa politica dell'esperienza e L'uccello del paradiso /$cR. D. Laing. 260 $aMilano :$bFeltrinelli Economica,$ccopyr. 1978. 300 $a190 p. ;$c18 cm. 490 0 $aUniversale economica Feltrinelli ;$v.[561] 650 4$aPsicologia anormale.$0(OLS)http://semarc/subject/27705 830 0$aUniversale economica ;$v.[561].$0(OLS)http://semarc/title/11224 850 $aSeMil 852 $aSeMil$W1$xVenegono$y1$m3N II 471$j94042$B94042$CSeMilBibl$Z2$F99483 $81 961 $aOmaggio: Colombo Card. Giovanni 996 $6245$aLa politica dell'esperienza e L'uccello del paradiso$9(OLS)http://semarc/title/205632 996 $6260$aMilano :$bFeltrinelli Economica$9(OLS)http://semarc/publisher/34360 LEADER 01072nam a2200253 i 4500 001 000000177057 003 CaOOAMICUS 005 20090113000000.0 008 090113s2000 it u000 u ita u 013 $a154560 020 $a88-85299-37-7 040 $aSeMil$bita 100 1 $aGreen, Thomas H.$0(OLS)http://semarc/name/41513 245 10$aPreghiera e buon senso :$buna visione pratica della santità /$cThomas H. Green. 260 $aRoma :$bEdizioni Comunità di vita cristiana,$ccopyr. 2000. 300 $a112 p. ;$c21 cm. 500 $aDono di don Romano Martinelli. 650 4$aVita cristiana.$0(OLS)http://semarc/subject/4445 850 $aSeMil 852 $aSeMil$W1$xVenegono$y1$m2C III 551$j127871$B127871$CSeMilBibl$Z2$F138787 $81 961 $aOmaggio: Martinelli don Romano 996 $6020$a88-85299-37-7$9(OLS)http://semarc/number/165786 996 $6245$aPreghiera e buon senso :$buna visione pratica della santità$9(OLS)http://semarc/title/254262 996 $6260$aRoma :$bEdizioni Comunità di vita cristiana$9(OLS)http://semarc/publisher/45229